000 00794nam a22002295i 4500
001 47957
003 ES-MaACL
005 20250814064904.0
007 t|
008 950206s1900 ag ||||1| spa d
040 _aCAM
_bspa
_cCCPB | PA2
080 _a911.3:339
100 1 _aCourtaux, Edgar.
_941280
245 1 0 _aTratado de geografía comercial de las cinco partes del mundo /
_cpor Edgar Courtaux y Francisco V. Guzmán.
260 _aBuenos Aires :
_bAcademia Británica,
_c1900 (
_fRevista Nacional)
300 _a1 vol. (402, 315 p.) ;
_c26 cm.
500 _a2 t. en 1 v.
650 0 7 _aGeografía comercial
_2embne
_913075
700 1 _aGuzmán, Francisco V.
_961289
852 _aES-MaACL
_jC-809
_z.- Donat. de Luigi Lucchesi en anotación manuscrita
999 _c47957
_d47957